Pays de l'Empire ottoman - Statistiques

Statistiques générales
  • Ce quiz a été pris 551 fois
  • Le résultat moyen est 39 sur 50
Statistiques - réponses
Pays de l'Empire ottoman % Correct
Algerie
96%
Turquie
95%
Egypte
92%
Grece
92%
Arabie saoudite
91%
Tunisie
91%
Armenie
90%
Iran
90%
Irak
89%
Maroc
89%
Bulgarie
88%
Serbie
88%
Albanie
87%
Israël
87%
Libye
87%
Syrie
87%
Roumanie
86%
Russie
86%
Azerbaidjan
85%
Croatie
84%
Georgie
84%
Yemen
83%
Kosovo
82%
Liban
82%
Hongrie
81%
Oman
81%
Ukraine
81%
Macedoine
80%
Bosnie-et-Herzegovine
79%
Autriche
78%
Jordanie
77%
Montenegro
77%
Soudan
77%
Qatar
76%
Slovenie
76%
Chypre
75%
Koweit
75%
Moldavie
74%
Italie
73%
Émirats arabes unis
72%
Slovaquie
71%
Bahrein
66%
Somalie
64%
Erythrée
62%
Soudan du sud
62%
Ethiopie
61%
Malte
58%
Djibouti
55%
Palestine
48%
Royaume-Uni
14%
Aucun quiz correspondant
Distribution des résultats
% des personnes avec chaque résultat
Percentile par nombre de réponses
Votre historique - résultats
Vous n’avez pas pris ce quiz